[Event "Madrid ch Veteranos 2018-2019"]
[Site "Madrid ESP"]
[Date "2019.01.15"]
[Round "7.2"]
[White "Sanchez Garcia, Aurelio"]
[Black "Lopez de Turiso, Jose Angel"]
[Result "1/2-1/2"]
[WhiteElo "2058"]
[BlackElo "1950"]
[PlyCount "76"]
[EventDate "2019.01.07"]
[EventType "swiss"]
[EventRounds "9"]
[EventCountry "ESP"]
[SourceTitle "Ajedrez en Madrid"]
[Source "lmi"]
[SourceDate "2019.01.07"]
[SourceVersion "1"]
[SourceVersionDate "2019.01.22"]
[SourceQuality "1"]

1. Nf3 f5 2. d3 Nc6 3. e4 e5 4. Nc3 d6 5. exf5 Bxf5 6. d4 e4 7. Ng5 d5 8. f3
exf3 9. Nxf3 Nb4 10. Bb5+ c6 11. Ba4 b5 12. Bb3 Nf6 13. O-O Be7 14. a3 Na6 15.
Ne5 Bd7 16. Rxf6 Bxf6 17. Qh5+ g6 18. Nxg6 Bg4 19. Qxg4 hxg6 20. Qe6+ Kf8 21.
Bf4 Bxd4+ 22. Kh1 Qf6 23. Bd6+ Kg7 24. Qd7+ Kh6 25. Qxc6 Be5 26. Qxa6 Bxd6 27.
Bxd5 Qf4 28. g3 Qe5 29. Bxa8 Rxa8 30. Qxb5 Qe3 31. Qe2 Qb6 32. Rd1 Rd8 33. Ne4
Qc6 34. Qd2+ Kh7 35. Qd5 Qxc2 36. Nxd6 Rxd6 37. Qxd6 Qe4+ 38. Kg1 Qe3+ 1/2-1/2

[Event "Madrid ch Veteranos 2018-2019"]
[Site "Madrid ESP"]
[Date "2019.01.15"]
[Round "7.3"]
[White "Cabañas Bravo, Juan Andres"]
[Black "Martin Martin, Luis Vicente"]
[Result "1/2-1/2"]
[WhiteElo "1965"]
[BlackElo "1981"]
[PlyCount "78"]
[EventDate "2019.01.07"]
[EventType "swiss"]
[EventRounds "9"]
[EventCountry "ESP"]
[SourceTitle "Ajedrez en Madrid"]
[Source "lmi"]
[SourceDate "2019.01.07"]
[SourceVersion "1"]
[SourceVersionDate "2019.01.22"]
[SourceQuality "1"]

1. e4 e6 2. d4 d5 3. Nd2 dxe4 4. Nxe4 Nd7 5. Nf3 Ngf6 6. Bd3 Nxe4 7. Bxe4 Nf6
8. Bg5 Qd6 9. Bxf6 gxf6 10. c3 Bd7 11. Nd2 Bc6 12. Qf3 Bg7 13. Bxc6+ Qxc6 14.
Qxc6+ bxc6 15. Nc4 a5 16. O-O-O a4 17. Rhe1 Kd7 18. g3 h5 19. Re4 Rab8 20. Rd3
Rb5 21. Na3 Rf5 22. f4 Bh6 23. Kc2 h4 24. Nc4 hxg3 25. hxg3 Bf8 26. Re2 Rfh5
27. Ne3 Bd6 28. Ng4 Be7 29. c4 Rg8 30. Nf2 Rh2 31. Rde3 f5 32. Nd3 Rxe2+ 33.
Rxe2 Rxg3 34. Ne5+ Ke8 35. Nxc6 Rf3 36. Rh2 Bf6 37. Rh6 Bg7 38. Rh4 Bf6 39. Rh6
Bg7 1/2-1/2

[Event "Madrid ch Veteranos 2018-2019"]
[Site "Madrid ESP"]
[Date "2019.01.15"]
[Round "7.4"]
[White "Viñas Lopez, Carlos"]
[Black "Esteban Amo, Jose M"]
[Result "1/2-1/2"]
[WhiteElo "1879"]
[BlackElo "1888"]
[PlyCount "110"]
[EventDate "2019.01.07"]
[EventType "swiss"]
[EventRounds "9"]
[EventCountry "ESP"]
[SourceTitle "Ajedrez en Madrid"]
[Source "lmi"]
[SourceDate "2019.01.07"]
[SourceVersion "1"]
[SourceVersionDate "2019.01.22"]
[SourceQuality "1"]

1. d4 f5 2. Bg5 h6 3. Bh4 g5 4. e4 Bg7 5. Bg3 fxe4 6. Nc3 d5 7. f3 Bf5 8. Qd2
Nf6 9. O-O-O c6 10. fxe4 Bxe4 11. Nf3 Nbd7 12. Bd3 Qb6 13. Rhe1 O-O 14. Nxe4
Nxe4 15. Bxe4 dxe4 16. Rxe4 Rae8 17. Rde1 Rf7 18. Ne5 Nxe5 19. Bxe5 Qa6 20. a3
Rf1 21. h4 Bxe5 22. Rxe5 Rxe1+ 23. Rxe1 Qb5 24. hxg5 hxg5 25. b3 g4 26. Re5
Qf1+ 27. Kb2 e6 28. Qh6 Kf7 29. Qh5+ Ke7 30. Qxg4 Kd6 31. Qg3 Kd7 32. Rg5 Re7
33. Rg7 Qf5 34. Rxe7+ Kxe7 35. Qe5 Qf2 36. g4 b6 37. g5 c5 38. d5 Qd4+ 39. Qxd4
cxd4 40. dxe6 Kxe6 41. c4 Kf5 42. b4 Kxg5 43. Kc2 Kf5 44. Kd3 Ke5 45. b5 Ke6
46. Kxd4 Kd6 47. a4 Ke6 48. c5 bxc5+ 49. Kxc5 Kd7 50. a5 Kc7 51. Kd5 Kb7 52.
Kd6 Kb8 53. Kc6 Ka8 54. b6 Kb8 55. b7 a6 1/2-1/2

[Event "Madrid ch Veteranos 2018-2019"]
[Site "Madrid ESP"]
[Date "2019.01.15"]
[Round "7.5"]
[White "Garcia Martin, Esteban"]
[Black "Pastor Alonso De Prado, Alberto"]
[Result "1/2-1/2"]
[WhiteElo "1856"]
[BlackElo "2147"]
[PlyCount "109"]
[EventDate "2019.01.07"]
[EventType "swiss"]
[EventRounds "9"]
[EventCountry "ESP"]
[SourceTitle "Ajedrez en Madrid"]
[Source "lmi"]
[SourceDate "2019.01.07"]
[SourceVersion "1"]
[SourceVersionDate "2019.01.22"]
[SourceQuality "1"]

1. c4 b6 2. Nc3 Bb7 3. e4 e6 4. d4 Bb4 5. Bd3 f5 6. Qe2 fxe4 7. Bxe4 Bxe4 8.
Qxe4 Nc6 9. Nf3 Nf6 10. Qd3 O-O 11. O-O d5 12. Bg5 Bxc3 13. bxc3 dxc4 14. Qxc4
Qd5 15. Qxd5 exd5 16. Bxf6 Rxf6 17. Rfe1 Na5 18. Re7 Rf7 19. Re2 c5 20. Rae1
Nc6 21. dxc5 bxc5 22. Ng5 Rff8 23. Ne6 Rfc8 24. Nxc5 Na5 25. Ne6 Rxc3 26. Ng5
Rf8 27. Ne6 Re8 28. h3 Nc6 29. Ng5 Rf8 30. Ne6 Rf5 31. Rd1 h6 32. Nd4 Nxd4 33.
Rxd4 Rc4 34. Red2 Rc1+ 35. Kh2 Rc5 36. f4 g5 37. g4 Rxf4 38. Rxf4 gxf4 39. Kg2
Kf7 40. Kf3 Ke6 41. Re2+ Kd6 42. Kxf4 Rc3 43. Re3 Rc4+ 44. Kf5 d4 45. Re6+ Kd7
46. Re5 Kd6 47. Re6+ Kc5 48. Re5+ Kb4 49. Ke4 Kc3 50. Rd5 Ra4 51. a3 a5 52. Rd6
Kb2 53. Rxd4 Rxa3 54. h4 Rh3 55. Ra4 1/2-1/2

[Event "Madrid ch Veteranos 2018-2019"]
[Site "Madrid ESP"]
[Date "2019.01.15"]
[Round "7.6"]
[White "Sotoca Aguado, Jose"]
[Black "Camarero Izquierdo, Juan Carlos"]
[Result "1/2-1/2"]
[WhiteElo "1881"]
[BlackElo "1860"]
[PlyCount "26"]
[EventDate "2019.01.07"]
[EventType "swiss"]
[EventRounds "9"]
[EventCountry "ESP"]
[SourceTitle "Ajedrez en Madrid"]
[Source "lmi"]
[SourceDate "2019.01.07"]
[SourceVersion "1"]
[SourceVersionDate "2019.01.22"]
[SourceQuality "1"]

1. d4 f5 2. g3 Nf6 3. Bg2 d5 4. Nf3 e6 5. Bg5 c6 6. Bxf6 Qxf6 7. Ne5 Bd6 8. f4
O-O 9. O-O Nd7 10. e3 Qh6 11. Nxd7 Bxd7 12. Nd2 Be8 13. Nf3 Bh5 1/2-1/2

[Event "Madrid ch Veteranos 2018-2019"]
[Site "Madrid ESP"]
[Date "2019.01.15"]
[Round "7.7"]
[White "Largo Barbero, Benito"]
[Black "Sanchez Peral, Pedro"]
[Result "0-1"]
[WhiteElo "1872"]
[BlackElo "1873"]
[PlyCount "68"]
[EventDate "2019.01.07"]
[EventType "swiss"]
[EventRounds "9"]
[EventCountry "ESP"]
[SourceTitle "Ajedrez en Madrid"]
[Source "lmi"]
[SourceDate "2019.01.07"]
[SourceVersion "1"]
[SourceVersionDate "2019.01.22"]
[SourceQuality "1"]

1. d4 Nf6 2. Bg5 d5 3. Nc3 Bf5 4. f3 h6 5. Bh4 Nc6 6. a3 a6 7. Qd2 Qd7 8. e3 e6
9. Bd3 Bxd3 10. Qxd3 Be7 11. Nge2 O-O 12. Bxf6 Bxf6 13. f4 b5 14. b4 Be7 15.
O-O Rad8 16. Nd1 f6 17. c3 e5 18. Qg6 Qe8 19. Qxe8 Rfxe8 20. fxe5 fxe5 21. Ng3
exd4 22. exd4 Bg5 23. Ra2 Rd7 24. a4 Rde7 25. axb5 axb5 26. Ra6 Nb8 27. Ra7 c6
28. Rxe7 Rxe7 29. Rf3 Nd7 30. Kf2 Nf6 31. Ne3 Bxe3+ 32. Kf1 Bd2 33. Nf5 Re1+
34. Kf2 Ne4# 0-1

[Event "Madrid ch Veteranos 2018-2019"]
[Site "Madrid ESP"]
[Date "2019.01.15"]
[Round "7.8"]
[White "Lopez Heras, Arturo"]
[Black "Martin Rodriguez, Emilio"]
[Result "0-1"]
[WhiteElo "1858"]
[BlackElo "2028"]
[PlyCount "74"]
[EventDate "2019.01.07"]
[EventType "swiss"]
[EventRounds "9"]
[EventCountry "ESP"]
[SourceTitle "Ajedrez en Madrid"]
[Source "lmi"]
[SourceDate "2019.01.07"]
[SourceVersion "1"]
[SourceVersionDate "2019.01.22"]
[SourceQuality "1"]

1. e4 c6 2. d4 d5 3. Nd2 dxe4 4. Nxe4 Nd7 5. Ng5 Ngf6 6. Bc4 e6 7. N1f3 Bd6 8.
Qe2 Nb6 9. Bd3 h6 10. Ne4 Nxe4 11. Qxe4 Nd5 12. O-O Qc7 13. Ne5 Nb4 14. Bc4 f5
15. Qe2 Bxe5 16. dxe5 b5 17. Bb3 O-O 18. a4 a5 19. Re1 bxa4 20. Rxa4 Bd7 21. c3
Nd5 22. Rh4 Qd8 23. Rh3 Be8 24. Rd1 Qc7 25. Rd4 Rf7 26. Rdh4 Kf8 27. c4 Nb4 28.
Qe3 a4 29. Bd1 c5 30. Bh5 Rd7 31. Be2 Nc2 32. Qf3 Qxe5 33. g4 Nd4 34. Qxa8
Nxe2+ 35. Kf1 Rd1+ 36. Kg2 Rg1+ 37. Kf3 Nd4# 0-1

[Event "Madrid ch Veteranos 2018-2019"]
[Site "Madrid ESP"]
[Date "2019.01.15"]
[Round "7.9"]
[White "Marcos Herrero, Francisco"]
[Black "Vukotic Jovsic, Dragan"]
[Result "1-0"]
[WhiteElo "1855"]
[BlackElo "1959"]
[PlyCount "69"]
[EventDate "2019.01.07"]
[EventType "swiss"]
[EventRounds "9"]
[EventCountry "ESP"]
[SourceTitle "Ajedrez en Madrid"]
[Source "lmi"]
[SourceDate "2019.01.07"]
[SourceVersion "1"]
[SourceVersionDate "2019.01.22"]
[SourceQuality "1"]

1. d4 d5 2. c4 e6 3. Nf3 Be7 4. g3 Nf6 5. Bg2 O-O 6. O-O c6 7. Qc2 Nbd7 8. Nbd2
b6 9. e4 dxe4 10. Nxe4 Bb7 11. Rd1 Nxe4 12. Qxe4 Qc8 13. Qe2 Re8 14. Bg5 Bxg5
15. Nxg5 Nf6 16. c5 Ba6 17. Qc2 b5 18. f4 h6 19. Ne4 Nxe4 20. Qxe4 Bb7 21. Bf1
Qd7 22. Bd3 f5 23. Qe5 Rad8 24. Be2 Qd5 25. Kf2 Rd7 26. b3 Red8 27. Bf3 Qxe5
28. dxe5 b4 29. Rd6 Kf7 30. a3 bxa3 31. Rxa3 Ba8 32. Be2 Ke7 33. Bc4 Rxd6 34.
cxd6+ Kf8 35. Bxe6 1-0

[Event "Madrid ch Veteranos 2018-2019"]
[Site "Madrid ESP"]
[Date "2019.01.15"]
[Round "7.10"]
[White "Olmos Sanz, Francisco J"]
[Black "Gil Sierra, Jacinto"]
[Result "0-1"]
[WhiteElo "1574"]
[BlackElo "1914"]
[PlyCount "48"]
[EventDate "2019.01.07"]
[EventType "swiss"]
[EventRounds "9"]
[EventCountry "ESP"]
[SourceTitle "Ajedrez en Madrid"]
[Source "lmi"]
[SourceDate "2019.01.07"]
[SourceVersion "1"]
[SourceVersionDate "2019.01.22"]
[SourceQuality "1"]

1. c4 e5 2. Nc3 Nc6 3. Nf3 f5 4. d3 Bb4 5. Bd2 Nf6 6. e3 O-O 7. Be2 d6 8. O-O
a5 9. a3 Bxc3 10. Bxc3 Bd7 11. Qc2 Ne7 12. b4 a4 13. Rfd1 Ng6 14. b5 f4 15. e4
Qe7 16. Re1 Bg4 17. Nd2 Bxe2 18. Rxe2 Nh5 19. d4 f3 20. Nxf3 Rxf3 21. gxf3 Nh4
22. f4 Nf3+ 23. Kg2 Qh4 24. Kxf3 Qh3# 0-1

[Event "Madrid ch Veteranos 2018-2019"]
[Site "Madrid ESP"]
[Date "2019.01.15"]
[Round "7.11"]
[White "Garcia Diez, Mariano"]
[Black "Campos Calvo-Sotelo, Juan"]
[Result "0-1"]
[WhiteElo "1887"]
[BlackElo "1811"]
[PlyCount "32"]
[EventDate "2019.01.07"]
[EventType "swiss"]
[EventRounds "9"]
[EventCountry "ESP"]
[SourceTitle "Ajedrez en Madrid"]
[Source "lmi"]
[SourceDate "2019.01.07"]
[SourceVersion "1"]
[SourceVersionDate "2019.01.22"]
[SourceQuality "1"]

1. e4 e6 2. d3 b5 3. Nd2 c5 4. Ngf3 Bb7 5. g3 Nc6 6. Bg2 Nf6 7. O-O Be7 8. Re1
d5 9. e5 Nd7 10. Nf1 Qc7 11. Bf4 h6 12. Qe2 g5 13. Bd2 g4 14. Nh4 Bxh4 15. gxh4
Nd4 16. Qd1 Nxe5 0-1

[Event "Madrid ch Veteranos 2018-2019"]
[Site "Madrid ESP"]
[Date "2019.01.15"]
[Round "7.12"]
[White "Fernandez Garcia, Ignacio"]
[Black "Rueda Maria, Ramiro"]
[Result "1/2-1/2"]
[WhiteElo "1769"]
[BlackElo "1819"]
[PlyCount "54"]
[EventDate "2019.01.07"]
[EventType "swiss"]
[EventRounds "9"]
[EventCountry "ESP"]
[SourceTitle "Ajedrez en Madrid"]
[Source "lmi"]
[SourceDate "2019.01.07"]
[SourceVersion "1"]
[SourceVersionDate "2019.01.22"]
[SourceQuality "1"]

1. e4 e5 2. Nf3 Nc6 3. Bc4 Bc5 4. c3 Nf6 5. b4 Bb6 6. O-O d6 7. Qb3 O-O 8. d3
h6 9. a4 a5 10. b5 Ne7 11. Qc2 Ng6 12. Be3 c6 13. Nbd2 d5 14. Bxb6 Qxb6 15. Ba2
Be6 16. c4 dxc4 17. Bxc4 cxb5 18. Bxb5 Rac8 19. Qb2 Qd6 20. Rab1 Nd7 21. Nc4
Bxc4 22. Bxc4 Rc7 23. Bb5 Rfc8 24. Bxd7 Rxd7 25. Rfd1 Rc5 26. d4 exd4 27. Rxd4
Qc7 1/2-1/2

[Event "Madrid ch Veteranos 2018-2019"]
[Site "Madrid ESP"]
[Date "2019.01.15"]
[Round "7.13"]
[White "Bellagamba, Pascal"]
[Black "Garcia Galeote, Lorenzo"]
[Result "1-0"]
[WhiteElo "1640"]
[BlackElo "1895"]
[PlyCount "137"]
[EventDate "2019.01.07"]
[EventType "swiss"]
[EventRounds "9"]
[EventCountry "ESP"]
[SourceTitle "Ajedrez en Madrid"]
[Source "lmi"]
[SourceDate "2019.01.07"]
[SourceVersion "1"]
[SourceVersionDate "2019.01.22"]
[SourceQuality "1"]

1. Nf3 d6 2. e4 g6 3. d4 Bg7 4. Be3 a6 5. c3 Nf6 6. Nbd2 O-O 7. h3 b6 8. Bd3
Bb7 9. O-O c5 10. d5 e6 11. dxe6 fxe6 12. Qb3 d5 13. exd5 exd5 14. Be2 Nbd7 15.
Rfe1 Re8 16. Rad1 Qc7 17. Bf1 Nh5 18. a3 Ndf6 19. g4 Rxe3 20. Rxe3 Nf4 21. Rde1
c4 22. Qc2 Bf8 23. Nd4 Bc5 24. Rf3 g5 25. Qf5 Qg7 26. Ne6 Qh6 27. Nxg5 Bd6 28.
Rxf4 Bxf4 29. Qxf4 Rf8 30. Ne6 Qxf4 31. Nxf4 Nxg4 32. hxg4 Rxf4 33. f3 b5 34.
Bg2 d4 35. cxd4 Rxd4 36. Nf1 a5 37. Re8+ Kf7 38. Re5 Bc6 39. Rc5 Bd7 40. Kf2
Rd3 41. Re5 Rb3 42. Re2 c3 43. bxc3 Rxa3 44. Rc2 b4 45. cxb4 axb4 46. f4 Bxg4
47. Bd5+ Ke7 48. Ne3 h5 49. Rb2 Be6 50. Bxe6 Kxe6 51. f5+ Kf6 52. Rxb4 Kg5 53.
Kf3 Rd3 54. Rb6 h4 55. Rg6+ Kh5 56. Rg2 Ra3 57. Rh2 Kg5 58. Ke4 Ra4+ 59. Ke5
Ra8 60. Rg2+ Kh5 61. f6 Re8+ 62. Kf4 Ra8 63. Rg5+ Kh6 64. Nf5+ Kh7 65. Rg7+ Kh8
66. Nxh4 Ra4+ 67. Kg5 Rxh4 68. Rg6 Rh1 69. Rh6+ 1-0

[Event "Madrid ch Veteranos 2018-2019"]
[Site "Madrid ESP"]
[Date "2019.01.15"]
[Round "7.14"]
[White "Roldan Garcia, Angel"]
[Black "Lopez Orellana, Federico"]
[Result "1/2-1/2"]
[WhiteElo "1812"]
[BlackElo "1694"]
[PlyCount "88"]
[EventDate "2019.01.07"]
[EventType "swiss"]
[EventRounds "9"]
[EventCountry "ESP"]
[SourceTitle "Ajedrez en Madrid"]
[Source "lmi"]
[SourceDate "2019.01.07"]
[SourceVersion "1"]
[SourceVersionDate "2019.01.22"]
[SourceQuality "1"]

1. e4 e6 2. d4 d5 3. Nd2 b6 4. Ngf3 Ne7 5. Bd3 Ba6 6. Bxa6 Nxa6 7. c3 c6 8. Ne5
f6 9. Nd3 Nc7 10. Qe2 Qd7 11. e5 O-O-O 12. a4 Ng6 13. Nf3 c5 14. dxc5 bxc5 15.
O-O c4 16. Nb4 fxe5 17. Nxe5 Nxe5 18. Qxe5 Bd6 19. Qd4 Bxb4 20. cxb4 Qd6 21.
Bf4 Qb6 22. Qe5 Rhf8 23. Bg3 Rf7 24. b5 d4 25. Rac1 Rd5 26. Qe4 Qc5 27. Bxc7
Kxc7 28. Qxe6 Rf6 29. Qg4 Rg6 30. Qf4+ Kb7 31. Qf7+ Kb8 32. Rfe1 Rgd6 33. Re8+
Rd8 34. Rxd8+ Rxd8 35. Rxc4 Qd6 36. Rc1 d3 37. Rd1 d2 38. Qf3 Qd4 39. g3 Re8
40. Kg2 Re1 41. Qf8+ Kc7 42. Qf7+ Kb8 43. Qf8+ Kc7 44. Qf7+ Kb8 1/2-1/2

[Event "Madrid ch Veteranos 2018-2019"]
[Site "Madrid ESP"]
[Date "2019.01.15"]
[Round "7.16"]
[White "Perez Cameselle, Francisco"]
[Black "Rodriguez Bachiller, Luis"]
[Result "1-0"]
[WhiteElo "1767"]
[BlackElo "1613"]
[PlyCount "57"]
[EventDate "2019.01.07"]
[EventType "swiss"]
[EventRounds "9"]
[EventCountry "ESP"]
[SourceTitle "Ajedrez en Madrid"]
[Source "lmi"]
[SourceDate "2019.01.07"]
[SourceVersion "1"]
[SourceVersionDate "2019.01.22"]
[SourceQuality "1"]

1. e4 c6 2. d3 e5 3. Nf3 d6 4. d4 exd4 5. Nxd4 Nf6 6. Nc3 Be7 7. Bc4 O-O 8. Bb3
Nbd7 9. O-O Nc5 10. Re1 Nxb3 11. axb3 a6 12. Bf4 Bg4 13. Qd3 Nh5 14. Be3 Nf6
15. h3 Bd7 16. Rad1 b5 17. Nf3 Ne8 18. Bf4 f5 19. e5 d5 20. Nxd5 Be6 21. Nxe7+
Qxe7 22. Qc3 Bd5 23. Be3 Qe6 24. Bc5 Rf7 25. Kh2 Nc7 26. Bd6 h6 27. Bxc7 Rxc7
28. Ng1 Qg6 29. Rxd5 1-0

[Event "Madrid ch Veteranos 2018-2019"]
[Site "Madrid ESP"]
[Date "2019.01.15"]
[Round "7.17"]
[White "Hernandez Garcia, Carlos"]
[Black "Tudela Garcia, Antonio"]
[Result "1/2-1/2"]
[WhiteElo "1733"]
[BlackElo "1568"]
[PlyCount "95"]
[EventDate "2019.01.07"]
[EventType "swiss"]
[EventRounds "9"]
[EventCountry "ESP"]
[SourceTitle "Ajedrez en Madrid"]
[Source "lmi"]
[SourceDate "2019.01.07"]
[SourceVersion "1"]
[SourceVersionDate "2019.01.22"]
[SourceQuality "1"]

1. e4 e5 2. Nf3 Nc6 3. Bb5 a6 4. Ba4 Nf6 5. O-O b5 6. Bb3 Be7 7. Re1 d6 8. h3
O-O 9. c3 Na5 10. Bc2 c5 11. d4 Qc7 12. Nbd2 cxd4 13. cxd4 Nc6 14. d5 Na5 15.
Nf1 Bd7 16. b3 Rac8 17. Ne3 Rfe8 18. Bb2 Bf8 19. Rc1 Qb8 20. Qe2 g6 21. Nh2 Nh5
22. Nhg4 Bg7 23. g3 Nb7 24. b4 Nf6 25. Nxf6+ Bxf6 26. Ng4 Bg7 27. Qf3 Bxg4 28.
hxg4 Bh6 29. Qf6 Bg7 30. Qh4 f6 31. Kg2 g5 32. Qh1 Nd8 33. Bb3 Re7 34. Qf1 Rxc1
35. Rxc1 Rc7 36. Rxc7 Qxc7 37. Qc1 Qxc1 38. Bxc1 Nb7 39. a4 a5 40. axb5 Bf8 41.
Bd2 axb4 42. Bxb4 Be7 43. Kf3 Bd8 44. Ke2 Bb6 45. Bd2 Kf8 46. Be3 Nc5 47. Bc2
Ke7 48. Kd2 1/2-1/2

[Event "Madrid ch Veteranos 2018-2019"]
[Site "Madrid ESP"]
[Date "2019.01.15"]
[Round "7.18"]
[White "Martinez Martinez, Javier II"]
[Black "Lopez Peral, Enrique"]
[Result "0-1"]
[WhiteElo "1604"]
[BlackElo "1702"]
[PlyCount "86"]
[EventDate "2019.01.07"]
[EventType "swiss"]
[EventRounds "9"]
[EventCountry "ESP"]
[SourceTitle "Ajedrez en Madrid"]
[Source "lmi"]
[SourceDate "2019.01.07"]
[SourceVersion "1"]
[SourceVersionDate "2019.01.22"]
[SourceQuality "1"]

1. d4 d5 2. Nf3 Nf6 3. e3 Bf5 4. c4 Nbd7 5. cxd5 Nxd5 6. Nbd2 N7f6 7. Qb3 Nb6
8. Ng5 e6 9. Be2 Be7 10. O-O O-O 11. Bd3 Bxd3 12. Qxd3 c5 13. b3 h6 14. Ngf3
cxd4 15. e4 Qc7 16. Bb2 e5 17. Rac1 Qd6 18. Rc2 Rac8 19. Rfc1 Rxc2 20. Rxc2
Nfd7 21. a4 a5 22. Nc4 Nxc4 23. Qxc4 b6 24. Rd2 Qc5 25. Rc2 Rc8 26. Nd2 Qxc4
27. Rxc4 Rxc4 28. Nxc4 f6 29. f3 Bb4 30. Kf1 Nc5 31. Ke2 Nxb3 32. Nxb6 Nc5 33.
Bc1 Kf7 34. g4 Ke6 35. h4 Kd6 36. g5 hxg5 37. hxg5 Kc6 38. Nd5 fxg5 39. Bxg5
Nxa4 40. Kd3 Bd6 41. f4 Nc5+ 42. Ke2 Nxe4 43. fxe5 Nxg5 0-1

[Event "Madrid ch Veteranos 2018-2019"]
[Site "Madrid ESP"]
[Date "2019.01.15"]
[Round "7.19"]
[White "Martinez Carrasco, Jesus"]
[Black "Calderon Martin, Antonio"]
[Result "0-1"]
[WhiteElo "1601"]
[BlackElo "1681"]
[PlyCount "114"]
[EventDate "2019.01.07"]
[EventType "swiss"]
[EventRounds "9"]
[EventCountry "ESP"]
[SourceTitle "Ajedrez en Madrid"]
[Source "lmi"]
[SourceDate "2019.01.07"]
[SourceVersion "1"]
[SourceVersionDate "2019.01.22"]
[SourceQuality "1"]

1. d4 d5 2. c4 c6 3. e3 e6 4. Nc3 f5 5. Nf3 Nf6 6. a3 Bd6 7. Qc2 O-O 8. cxd5
exd5 9. Bd3 Ne4 10. O-O Nd7 11. b4 a6 12. Qb3 Nxc3 13. Qxc3 Nf6 14. h3 Ne4 15.
Qc2 g5 16. Bxe4 fxe4 17. Nh2 h5 18. Qe2 Bxh2+ 19. Kxh2 Qd6+ 20. Kh1 Qg6 21. f3
Bf5 22. Bd2 Rf7 23. g4 exf3 24. Qf2 hxg4 25. Rg1 Rh7 26. Rg3 Be4 27. Kh2 Kg7
28. Rh1 Rah8 29. Kg1 Rxh3 30. Rhxh3 Rxh3 31. Rxh3 gxh3 32. Qg3 Qf5 33. Be1 Kg6
34. Bf2 Kh5 35. Kh2 Qg4 36. Qxh3+ Qxh3+ 37. Kxh3 g4+ 38. Kg3 Kg5 39. Be1 Bf5
40. Bf2 Be6 41. Be1 Kf5 42. a4 Ke4 43. a5 Kxe3 44. Bf2+ Kd3 45. Kf4 Ke2 46. Kg3
Kd3 47. Kf4 Kc4 48. Ke5 Bc8 49. Be1 Kd3 50. Kd6 Ke2 51. Bg3 f2 52. Bxf2 Kxf2
53. Kc7 Bf5 54. Kxb7 Bd3 55. Kxc6 Bc4 56. b5 Bxb5+ 57. Kxd5 g3 0-1

[Event "Madrid ch Veteranos 2018-2019"]
[Site "Madrid ESP"]
[Date "2019.01.15"]
[Round "7.20"]
[White "Diaz Begonte, Manuel"]
[Black "Martinez Pintor, Juan"]
[Result "1-0"]
[WhiteElo "1552"]
[BlackElo "1628"]
[PlyCount "71"]
[EventDate "2019.01.07"]
[EventType "swiss"]
[EventRounds "9"]
[EventCountry "ESP"]
[SourceTitle "Ajedrez en Madrid"]
[Source "lmi"]
[SourceDate "2019.01.07"]
[SourceVersion "1"]
[SourceVersionDate "2019.01.22"]
[SourceQuality "1"]

1. e4 e6 2. d4 d5 3. exd5 exd5 4. Bd3 Bd6 5. Qf3 Nc6 6. c3 Be6 7. Ne2 Qd7 8. h3
Nge7 9. O-O h6 10. Bf4 g5 11. Bxd6 Qxd6 12. Nd2 O-O-O 13. Ng3 Qd7 14. Qh5 Ng6
15. Bxg6 fxg6 16. Qxg6 Rdf8 17. Rae1 Bf7 18. Qf5 Qxf5 19. Nxf5 Bg6 20. Ne7+
Nxe7 21. Rxe7 Re8 22. Rfe1 Kd8 23. Rxe8+ Rxe8 24. Rxe8+ Kxe8 25. Kh2 Bf5 26.
Kg3 Ke7 27. f4 Kf6 28. fxg5+ hxg5 29. Nf3 Be6 30. Ne5 Bf5 31. b4 Be6 32. a4 a5
33. bxa5 Bf5 34. Kf2 Bc2 35. Nd7+ Kf5 36. Nc5 1-0

[Event "Madrid ch Veteranos 2018-2019"]
[Site "Madrid ESP"]
[Date "2019.01.15"]
[Round "7.21"]
[White "Lopez Guitian, Juan J"]
[Black "Villodre Miranda, Juan Alonso"]
[Result "0-1"]
[WhiteElo "1577"]
[BlackElo "1594"]
[PlyCount "98"]
[EventDate "2019.01.07"]
[EventType "swiss"]
[EventRounds "9"]
[EventCountry "ESP"]
[SourceTitle "Ajedrez en Madrid"]
[Source "lmi"]
[SourceDate "2019.01.07"]
[SourceVersion "1"]
[SourceVersionDate "2019.01.22"]
[SourceQuality "1"]

1. Nf3 c5 2. g3 Nc6 3. Bg2 e5 4. O-O g6 5. b3 Bg7 6. Bb2 Nge7 7. e4 O-O 8. d3
d6 9. Nbd2 h6 10. Nc4 f5 11. Qe2 f4 12. Rad1 g5 13. gxf4 exf4 14. Bxg7 Kxg7 15.
c3 g4 16. Kh1 gxf3 17. Qxf3 Ne5 18. Nxe5 dxe5 19. Rg1 Rf6 20. d4 cxd4 21. cxd4
exd4 22. e5 Rf5 23. Bh3+ Rg5 24. Bxc8 Rxc8 25. Qxf4 Qd5+ 26. f3 Rf8 27. Rxg5+
hxg5 28. Qxg5+ Ng6 29. Rg1 Qxf3+ 30. Rg2 Qe4 31. h4 Rf4 32. Qe7+ Kh6 33. Qg5+
Kh7 34. Qg3 Rxh4+ 35. Kg1 Rf4 36. Qh3+ Kg7 37. Qd7+ Rf7 38. Qd6 Qe1+ 39. Kh2
Qe4 40. Kg1 Kh7 41. Kh2 Kh6 42. e6 Qf4+ 43. Qxf4+ Rxf4 44. Re2 Ne7 45. Kg3 d3
46. Rd2 Rd4 47. Kf3 Kg6 48. Ke3 Nf5+ 49. Kf3 b6 0-1

[Event "Madrid ch Veteranos 2018-2019"]
[Site "Madrid ESP"]
[Date "2019.01.15"]
[Round "7.23"]
[White "Perales Hernandez, Manuel"]
[Black "Barahona Torrijos, Angel"]
[Result "0-1"]
[WhiteElo "1333"]
[BlackElo "1735"]
[PlyCount "88"]
[EventDate "2019.01.07"]
[EventType "swiss"]
[EventRounds "9"]
[EventCountry "ESP"]
[SourceTitle "Ajedrez en Madrid"]
[Source "lmi"]
[SourceDate "2019.01.07"]
[SourceVersion "1"]
[SourceVersionDate "2019.01.22"]
[SourceQuality "1"]

1. e4 e5 2. Nf3 Nc6 3. Nc3 g6 4. Bc4 Bg7 5. d3 d6 6. h3 Nf6 7. g4 Be6 8. Nd5
Ne7 9. Bg5 Nfxd5 10. exd5 Bd7 11. Qd2 h6 12. Bh4 g5 13. Bg3 Ng6 14. O-O-O O-O
15. Rde1 Qf6 16. Ng1 a5 17. c3 b5 18. Bb3 Rfb8 19. Bc2 b4 20. c4 a4 21. b3 axb3
22. Bxb3 Ba4 23. Kd1 Bxb3+ 24. axb3 Ra3 25. Re4 Nf4 26. Qc2 Ra1+ 27. Kd2 Rba8
28. Ke3 Ng2+ 29. Kd2 R8a2 30. h4 Rxc2+ 31. Kxc2 Qd8 32. Kd2 gxh4 33. Bh2 Qg5+
34. Ke2 Re1+ 35. Kf3 Rxe4 36. dxe4 Ne1+ 37. Ke2 Qxg4+ 38. Kxe1 Qxe4+ 39. Kf1
Qxh1 40. Ke2 Qxh2 41. Nf3 Qh1 42. Ke3 h5 43. Ke4 Bh6 44. c5 Qb1# 0-1